[Event "Bad Soden op U18"]
[Site "Bad Soden"]
[Date "2019.10.04"]
[Round "4"]
[White "Stobbe, Frederik"]
[Black "Vakulenko, Aleksandr"]
[Result "0-1"]
[WhiteElo "1849"]
[BlackElo "2167"]
[PlyCount "80"]
[EventDate "2019.10.03"]
[EventType "swiss"]
[EventRounds "9"]
[EventCountry "GER"]
[SourceTitle "EXT 2020"]
[Source "ChessBase"]
[SourceDate "2019.10.17"]
[SourceVersion "1"]
[SourceVersionDate "2019.10.17"]
[SourceQuality "1"]

1. e4 e5 2. Bc4 Nf6 3. d3 c6 4. Nf3 d5 5. Bb3 Bd6 6. Bg5 dxe4 7. dxe4 Qe7 8. Qe2 Nbd7 9. Nbd2 h6 10. Bxf6 Qxf6 11. h3 Bc7 12. Nc4 Nc5 13. Qe3 b6 14. g3 a5 15. a3 Be6 16. Ncd2 0-0 17. g4 Bxb3 18. Nxb3 Ne6 19. 0-0-0 a4 20. Nbd2 b5 21. h4 Qe7 22. h5 Rfb8 23. Nh4 Qf8 24. Ndf3 b4 25. g5 Bb6 26. Qd3 hxg5 27. Nxe5 gxh4 28. h6 Rd8 29. Qf3 Rxd1+ 30. Qxd1 bxa3 31. bxa3 Qxa3+ 32. Kb1 Ng5 33. h7+ Nxh7 34. Qh5 g6 35. Rg1 Qb4+ 36. Ka2 Nf8 37. Ng4 Qb5 38. Qxb5 cxb5 39. e5 Kg7 40. Nf6 Bxf2 0-1

[Event "Bad Soden op U18"]
[Site "Bad Soden"]
[Date "2019.10.04"]
[Round "3"]
[White "Stobbe, Frederik"]
[Black "Wagner, Valerian"]
[Result "1-0"]
[WhiteElo "1849"]
[BlackElo "751"]
[PlyCount "43"]
[EventDate "2019.10.03"]
[EventType "swiss"]
[EventRounds "9"]
[EventCountry "GER"]
[SourceTitle "EXT 2020"]
[Source "ChessBase"]
[SourceDate "2019.10.17"]
[SourceVersion "1"]
[SourceVersionDate "2019.10.17"]
[SourceQuality "1"]

1. e4 e5 2. Bc4 Nf6 3. d3 Bc5 4. Nc3 d6 5. f4 Bg4 6. Nf3 exf4 7. Bxf4 Nc6 8. Qd2 Qe7 9. 0-0-0 0-0-0 10. Kb1 Qd7 11. Bb5 a6 12. Ba4 Qe6 13. d4 Bb4 14. d5 Qf5 15. exf5 Ne4 16. Qd3 Nf2 17. Qc4 Nxd1 18. Rxd1 b5 19. Qxc6 bxa4 20. Nxa4 Bxf5 21. Nb6+ Kb8 22. Qa8# 1-0

[Event "Bad Soden sim1"]
[Site "Bad Soden"]
[Date "2019.10.03"]
[Round "1.20"]
[White "Anand, Viswanathan"]
[Black "Stobbe, Frederik"]
[Result "1-0"]
[WhiteElo "2765"]
[BlackElo "1891"]
[PlyCount "65"]
[EventDate "2019.10.03"]
[EventType "simul"]
[EventRounds "1"]
[EventCountry "GER"]
[SourceTitle "EXT 2021"]
[Source "ChessBase"]
[SourceDate "2020.10.23"]
[SourceVersion "1"]
[SourceVersionDate "2020.10.23"]
[SourceQuality "1"]

1. e4 c5 2. Nf3 d6 3. Bb5+ Nd7 4. 0-0 a6 5. Bxd7+ Bxd7 6. d4 cxd4 7. Qxd4 e6 8. c4 Qc7 9. b3 Be7 10. Nc3 Bf6 11. Qd3 Bc6 12. Bf4 Qa5 13. Rac1 Bxc3 14. Rxc3 e5 15. Bd2 Qc7 16. Nh4 g6 17. g3 Nf6 18. f3 Nd7 19. Ng2 Nc5 20. Qe2 0-0 21. Bh6 Rfe8 22. Ne3 b5 23. Qd2 b4 24. Rc2 a5 25. Ng4 Re6 26. Bg5 Nd7 27. Rd1 f6 28. Be3 h5 29. Nf2 Kg7 30. Re1 Rae8 31. Qe2 h4 32. g4 Kf7 33. Rd2 1-0

[Event "Eschborn op"]
[Site "Eschborn"]
[Date "2018.10.06"]
[Round "3"]
[White "Rosenberger, Frank"]
[Black "Stobbe, Frederik"]
[Result "1/2-1/2"]
[WhiteElo "2011"]
[BlackElo "1895"]
[PlyCount "32"]
[EventDate "2018.10.05"]
[EventType "swiss"]
[EventRounds "5"]
[EventCountry "GER"]
[SourceTitle "CBM 187 Extra"]
[Source "ChessBase"]
[SourceDate "2018.11.04"]
[SourceVersion "1"]
[SourceVersionDate "2018.11.04"]
[SourceQuality "1"]

1. e4 c5 2. Nf3 e6 3. Nc3 Nc6 4. d4 cxd4 5. Nxd4 Nf6 6. Be2 Bb4 7. 0-0 0-0 8. Qd3 d5 9. Nxc6 bxc6 10. e5 Ne8 11. Qg3 f6 12. f4 f5 13. Rd1 Ba6 14. Bxa6 Qb6+ 15. Be3 Qxa6 16. Qf2 Qa5 1/2-1/2

[Event "Eschborn op"]
[Site "Eschborn"]
[Date "2018.10.05"]
[Round "1"]
[White "Markosyan, Aleksandr"]
[Black "Stobbe, Frederik"]
[Result "0-1"]
[WhiteElo "1474"]
[BlackElo "1895"]
[PlyCount "88"]
[EventDate "2018.10.05"]
[EventType "swiss"]
[EventRounds "5"]
[EventCountry "GER"]
[SourceTitle "CBM 187 Extra"]
[Source "ChessBase"]
[SourceDate "2018.11.04"]
[SourceVersion "1"]
[SourceVersionDate "2018.11.04"]
[SourceQuality "1"]

1. e4 c5 2. Nf3 e6 3. c3 Nf6 4. Qc2 Nc6 5. d4 cxd4 6. cxd4 Nb4 7. Qe2 b6 8. Nc3 Ba6 9. Qd1 Bxf1 10. Kxf1 Be7 11. a3 Na6 12. Bf4 Nc7 13. Rc1 d6 14. e5 Nfd5 15. Bg3 0-0 16. Ne4 dxe5 17. Nxe5 f5 18. Nc6 fxe4 19. Nxd8 Ne3+ 20. Ke2 Nxd1 21. Rhxd1 Bxd8 22. Bxc7 Bg5 23. Rc3 Rf7 24. Be5 Bf6 25. Rc6 Re8 26. Bd6 Rd7 27. Be5 Rd5 28. Bxf6 gxf6 29. Ke3 f5 30. Rdc1 Red8 31. R6c4 b5 32. Rb4 a5 33. Rb3 Rxd4 34. Rxb5 Rd3+ 35. Kf4 Kf7 36. Rc6 Rg8 37. g3 h6 38. Rxa5 Rg5 39. Rc3 Rg4+ 40. Ke5 e3 41. Rxd3 Re4+ 42. Kd6 e2 43. Ra7+ Kf6 44. Rb3 e1Q 0-1

[Event "Bad Soden U18 op 5th"]
[Site "Bad Soden"]
[Date "2018.10.02"]
[Round "6.6"]
[White "Reichel, Bjoern"]
[Black "Stobbe, Frederik"]
[Result "0-1"]
[WhiteElo "1484"]
[BlackElo "1863"]
[PlyCount "88"]
[EventDate "2018.09.30"]
[EventType "swiss"]
[EventRounds "9"]
[EventCountry "GER"]
[SourceTitle "EXT 2020"]
[Source "ChessBase"]
[SourceDate "2019.10.17"]
[SourceVersion "1"]
[SourceVersionDate "2019.10.17"]
[SourceQuality "1"]

1. e4 c5 2. b3 Nc6 3. Nf3 d6 4. Bc4 Nf6 5. Nc3 a6 6. 0-0 Bg4 7. h3 Bh5 8. Re1 e5 9. Be2 Bxf3 10. Bxf3 g6 11. d3 Bg7 12. Bg5 h6 13. Bd2 0-0 14. Rc1 Kh7 15. Nd5 Nxd5 16. exd5 Ne7 17. g3 Rb8 18. Bg2 b5 19. c3 f5 20. f4 Nc8 21. Kh2 Qf6 22. Be3 Qf7 23. Qd2 exf4 24. Bxf4 g5 25. Be3 f4 26. Be4+ Kh8 27. gxf4 gxf4 28. Bf2 Ne7 29. d4 c4 30. Rg1 Nxd5 31. Rg6 Nf6 32. Qxf4 Nxe4 33. Qxe4 Qxf2+ 34. Rg2 Qf4+ 35. Qxf4 Rxf4 36. Rcg1 Bf6 37. Rg6 Bg5 38. Rxd6 Rf2+ 39. Kg3 Rxa2 40. h4 Be3 41. Rf1 Rg8+ 42. Kh3 Rag2 43. Rf3 Bf4 44. Rd8 Rh2# 0-1

[Event "Bad Soden U18 op"]
[Site "Bad Soden"]
[Date "2017.10.03"]
[Round "9"]
[White "Werndl, Jan Frederik"]
[Black "Stobbe, Frederik"]
[Result "0-1"]
[WhiteElo "1341"]
[BlackElo "1823"]
[PlyCount "52"]
[EventDate "2017.09.30"]
[EventType "swiss"]
[EventRounds "9"]
[EventCountry "GER"]
[SourceTitle "EXT 2018"]
[Source "ChessBase"]
[SourceDate "2017.10.13"]
[SourceVersion "1"]
[SourceVersionDate "2017.10.13"]
[SourceQuality "1"]

1. e4 c5 2. Nf3 e6 3. e5 d5 4. Bb5+ Bd7 5. Bxd7+ Qxd7 6. d4 cxd4 7. Nxd4 Nc6 8. a3 Nge7 9. Nxc6 Nxc6 10. Bf4 Bc5 11. Nc3 a6 12. 0-0 0-0-0 13. Na4 Ba7 14. Be3 d4 15. Bg5 Rde8 16. b4 Nxe5 17. Re1 Qxa4 18. Rxe5 f6 19. Ra5 Qc6 20. Bh4 g5 21. Bg3 Bb6 22. b5 Qc4 23. bxa6 bxa6 24. Rb1 Bxa5 25. Rb8+ Kd7 26. Rb7+ Kc6 0-1

[Event "Bad Soden U18 op"]
[Site "Bad Soden"]
[Date "2017.10.01"]
[Round "4"]
[White "Stobbe, Frederik"]
[Black "Schwarz, Matthias"]
[Result "0-1"]
[WhiteElo "1823"]
[BlackElo "1722"]
[PlyCount "90"]
[EventDate "2017.09.30"]
[EventType "swiss"]
[EventRounds "9"]
[EventCountry "GER"]
[SourceTitle "EXT 2018"]
[Source "ChessBase"]
[SourceDate "2017.10.13"]
[SourceVersion "1"]
[SourceVersionDate "2017.10.13"]
[SourceQuality "1"]

1. e4 e5 2. Bc4 Nf6 3. d3 Bc5 4. Nc3 d6 5. Na4 Bb6 6. Nxb6 axb6 7. f4 Nc6 8. Nf3 0-0 9. 0-0 Re8 10. fxe5 Nxe5 11. Nxe5 dxe5 12. c3 h6 13. Qf3 Be6 14. h3 Bxc4 15. dxc4 Re6 16. a3 Qe8 17. Re1 Rd8 18. Be3 Qc6 19. c5 bxc5 20. Bf2 Red6 21. Bh4 Rd3 22. Qf5 Qe6 23. Qxe6 fxe6 24. Re2 Rd2 25. Rae1 R8d3 26. Kf1 Nh5 27. Rxd2 Rxd2 28. Re2 Rd3 29. Ke1 Nf4 30. Rd2 Rxd2 31. Kxd2 Nxg2 32. Bd8 c6 33. Bc7 Nf4 34. h4 Ng6 35. Bd8 c4 36. Kc2 Kf7 37. b3 Ke8 38. Bc7 cxb3+ 39. Kxb3 Kd7 40. Bb8 Nxh4 41. Bxe5 g5 42. Bg7 h5 43. Bf6 Nf3 44. Kc2 g4 45. Kd3 g3 0-1

[Event "Bad Soden U18 op"]
[Site "Bad Soden"]
[Date "2017.09.30"]
[Round "2"]
[White "Stobbe, Frederik"]
[Black "Bajorski, Marius"]
[Result "1/2-1/2"]
[WhiteElo "1823"]
[BlackElo "1843"]
[PlyCount "29"]
[EventDate "2017.09.30"]
[EventType "swiss"]
[EventRounds "9"]
[EventCountry "GER"]
[SourceTitle "EXT 2018"]
[Source "ChessBase"]
[SourceDate "2017.10.13"]
[SourceVersion "1"]
[SourceVersionDate "2017.10.13"]
[SourceQuality "1"]

1. e4 e5 2. Nf3 Nc6 3. Bc4 Bc5 4. d3 a6 5. a4 d6 6. c3 Nf6 7. 0-0 0-0 8. Re1 Re8 9. Nbd2 Be6 10. Qc2 Qd7 11. b4 Bb6 12. Nf1 Ne7 13. Ne3 Bxe3 14. Bxe3 Ng6 15. Bxe6 1/2-1/2

[Event "Erfurt HT op 26th"]
[Site "Erfurt"]
[Date "2016.12.28"]
[Round "4"]
[White "Siebarth, Marco"]
[Black "Stobbe, Frederik"]
[Result "1-0"]
[WhiteElo "2024"]
[BlackElo "1827"]
[PlyCount "39"]
[EventDate "2016.12.26"]
[EventType "swiss"]
[EventRounds "8"]
[EventCountry "GER"]
[SourceTitle "EXT 2018"]
[Source "ChessBase"]
[SourceDate "2017.10.13"]
[SourceVersion "1"]
[SourceVersionDate "2017.10.13"]
[SourceQuality "1"]

1. e4 c5 2. Nf3 e6 3. b3 Nc6 4. Bb2 d6 5. d4 cxd4 6. Nxd4 Nf6 7. Bd3 Bd7 8. 0-0 Nb4 9. c4 Nxd3 10. Qxd3 Be7 11. Nd2 0-0 12. Rfd1 a6 13. Nf1 d5 14. cxd5 exd5 15. exd5 Nxd5 16. Nf5 Bc6 17. Bxg7 Qc7 18. Qd4 f6 19. Qg4 Qf4 20. Nh6+ 1-0

[Event "Eschborn op"]
[Site "Eschborn"]
[Date "2016.09.04"]
[Round "4"]
[White "Stobbe, Frederik"]
[Black "Tojcic, Josip"]
[Result "1-0"]
[WhiteElo "1608"]
[BlackElo "1704"]
[PlyCount "72"]
[EventDate "2016.09.02"]
[EventType "swiss"]
[EventRounds "5"]
[EventCountry "GER"]
[SourceTitle "EXT 2018"]
[Source "ChessBase"]
[SourceDate "2017.10.13"]
[SourceVersion "1"]
[SourceVersionDate "2017.10.13"]
[SourceQuality "1"]

1. e4 c5 2. Nf3 e6 3. g3 Nc6 4. Bg2 Qc7 5. 0-0 Nge7 6. c3 Ng6 7. d4 c4 8. Qe2 b5 9. d5 Nd8 10. Nd4 Rb8 11. f4 Bc5 12. Nd2 e5 13. fxe5 Nxe5 14. N2f3 d6 15. Be3 Bg4 16. h3 Bh5 17. g4 Nxf3+ 18. Qxf3 Bg6 19. Nf5 Bxe3+ 20. Qxe3 0-0 21. e5 Bxf5 22. exd6 Qxd6 23. gxf5 Qb6 24. Rae1 f6 25. Qxb6 Rxb6 26. Re7 a6 27. Rfe1 Nf7 28. R1e6 Rxe6 29. fxe6 Ne5 30. d6 Rd8 31. Rc7 g5 32. Bd5 Kh8 33. e7 Re8 34. d7 Nxd7 35. Rxd7 Kg7 36. Ra7 f5 1-0

[Event "GER-ch U10"]
[Site "Oberhof"]
[Date "2011.06.13"]
[Round "4"]
[White "Stobbe, Frederik"]
[Black "Schneider, Jana"]
[Result "1-0"]
[WhiteElo "1105"]
[BlackElo "1347"]
[PlyCount "107"]
[EventDate "2011.06.11"]
[EventType "swiss"]
[EventRounds "11"]
[EventCountry "GER"]
[SourceTitle "CBM 142 Extra"]
[Source "ChessBase"]
[SourceDate "2011.06.27"]
[SourceVersion "1"]
[SourceVersionDate "2011.06.27"]
[SourceQuality "1"]

1. e4 c5 2. Nf3 d6 3. d4 cxd4 4. Nxd4 Nf6 5. Nc3 a6 6. Be3 e6 7. f3 Be7 8. Qd2 b5 9. 0-0-0 Bb7 10. g4 Qc7 11. Kb1 Nc6 12. Nxc6 Bxc6 13. h4 Nd7 14. Bg5 Ne5 15. Bxe7 Qxe7 16. Qxd6 Qxd6 17. Rxd6 Bb7 18. Be2 0-0 19. f4 Ng6 20. Rd7 Bc8 21. Rc7 Nxf4 22. Bf3 e5 23. Nd5 Ne6 24. Rc3 Nd4 25. Rg1 Bb7 26. g5 Rad8 27. Rd1 Bxd5 28. exd5 Rc8 29. Rdd3 Rfe8 30. d6 Rxc3 31. Rxc3 g6 32. d7 Rf8 33. Rc8 Ne6 34. Bg4 Nd8 35. Kc1 Nb7 36. Bf3 Nd8 37. Bd5 Kg7 38. Kd2 f6 39. Ke3 f5 40. Kf3 f4 41. b3 h6 42. gxh6+ Kxh6 43. c4 Kh5 44. c5 Kxh4 45. c6 g5 46. c7 g4+ 47. Ke4 g3 48. cxd8Q+ Rxd8 49. Rxd8 g2 50. Rg8 Kh3 51. d8Q Kh2 52. Qh4+ Kg1 53. Qe1+ Kh2 54. Rh8# 1-0

[Event "GER-ch U10"]
[Site "Oberhof"]
[Date "2010.05.28"]
[Round "9"]
[White "Rockmann, Jan Okke"]
[Black "Stobbe, Frederik"]
[Result "1-0"]
[WhiteElo "1013"]
[BlackElo "1157"]
[PlyCount "97"]
[EventDate "2010.05.22"]
[EventType "swiss"]
[EventRounds "11"]
[EventCountry "GER"]
[SourceTitle "CBM 136 Extra"]
[Source "ChessBase"]
[SourceDate "2010.07.02"]
[SourceVersion "2"]
[SourceVersionDate "2010.07.15"]
[SourceQuality "1"]

1. d4 d5 2. c4 c6 3. Nc3 e6 4. Nf3 Nf6 5. Bg5 h6 6. Bh4 dxc4 7. e4 g5 8. Bg3 b5 9. a4 Bb4 10. Nd2 Bxc3 11. bxc3 Bb7 12. e5 Nd5 13. Qc2 Qa5 14. Ne4 Ba6 15. Be2 Nd7 16. 0-0 Qb6 17. Nd6+ Ke7 18. Rfb1 Nc7 19. Nxc4 Qb8 20. Nd6 Ne8 21. axb5 Bc8 22. bxc6 Qc7 23. cxd7 Qxd7 24. Bb5 Qc7 25. Nxe8 Rxe8 26. Bxe8 Kxe8 27. Rc1 Bb7 28. h3 Qc6 29. Qa4 Ke7 30. Qxc6 Bxc6 31. f4 gxf4 32. Bxf4 Rb8 33. Rxa7+ Ke8 34. Bxh6 Rb2 35. g4 Rg2+ 36. Kf1 Rh2 37. Be3 Rxh3 38. Kf2 Rh2+ 39. Kg1 Rg2+ 40. Kf1 Rg3 41. Re1 Rf3+ 42. Ke2 Rh3 43. c4 Rh2+ 44. Kf1 Rh1+ 45. Bg1 Rh3 46. Re3 Rh4 47. Rb3 Bg2+ 48. Kxg2 Rxg4+ 49. Kf1 1-0

[Event "GER-ch U10"]
[Site "Oberhof"]
[Date "2010.05.26"]
[Round "7"]
[White "Stobbe, Frederik"]
[Black "Denkert, Anna"]
[Result "0-1"]
[WhiteElo "1157"]
[BlackElo "914"]
[PlyCount "40"]
[EventDate "2010.05.22"]
[EventType "swiss"]
[EventRounds "11"]
[EventCountry "GER"]
[SourceTitle "CBM 136 Extra"]
[Source "ChessBase"]
[SourceDate "2010.07.02"]
[SourceVersion "2"]
[SourceVersionDate "2010.07.15"]
[SourceQuality "1"]

1. e4 e5 2. d4 exd4 3. Nf3 Nc6 4. Nxd4 Nf6 5. Nc3 Bb4 6. Bg5 d6 7. Bb5 Bd7 8. 0-0 h6 9. Bxf6 Qxf6 10. Nd5 Qxd4 11. Bxc6 Qxd1 12. Raxd1 Bxc6 13. Nxc7+ Kd8 14. Nxa8 Bb5 15. Rxd6+ Bxd6 16. Rd1 Ke7 17. e5 Bxe5 18. Re1 Kf6 19. f4 Bxf4 20. Rf1 Bxf1 0-1

[Event "GER-ch U10"]
[Site "Oberhof"]
[Date "2010.05.25"]
[Round "5"]
[White "Stobbe, Frederik"]
[Black "Kitze, Alexander"]
[Result "0-1"]
[WhiteElo "1157"]
[BlackElo "1323"]
[PlyCount "50"]
[EventDate "2010.05.22"]
[EventType "swiss"]
[EventRounds "11"]
[EventCountry "GER"]
[SourceTitle "CBM 136 Extra"]
[Source "ChessBase"]
[SourceDate "2010.07.02"]
[SourceVersion "2"]
[SourceVersionDate "2010.07.15"]
[SourceQuality "1"]

1. e4 c5 2. d4 cxd4 3. c3 dxc3 4. Nxc3 e5 5. Nf3 Nc6 6. Bc4 Bc5 7. 0-0 Nge7 8. Qe2 0-0 9. Rd1 d6 10. Bg5 Kh8 11. Bxe7 Qxe7 12. Nd5 Qd8 13. Rac1 Bg4 14. Qd3 Nd4 15. Nxd4 Bxd1 16. Qxd1 Bxd4 17. Qb3 Qh4 18. Qf3 Rac8 19. Rc2 b5 20. Bb3 Rxc2 21. Bxc2 Rc8 22. Qxf7 Qxf2+ 23. Qxf2 Bxf2+ 24. Kxf2 Rxc2+ 25. Ke3 Rxb2 0-1

[Event "GER-ch U10"]
[Site "Willingen"]
[Date "2009.06.05"]
[Round "10"]
[White "Stobbe, Frederik"]
[Black "Richardt, Angelina"]
[Result "1-0"]
[WhiteElo "1185"]
[BlackElo "1094"]
[PlyCount "79"]
[EventDate "2009.05.30"]
[EventType "swiss"]
[EventRounds "11"]
[EventCountry "GER"]
[SourceTitle "EXT 2010"]
[Source "ChessBase"]
[SourceDate "2010.11.25"]
[SourceVersion "1"]
[SourceVersionDate "2010.11.25"]
[SourceQuality "1"]

1. e4 e5 2. d4 Nc6 3. Nf3 d6 4. Nc3 Nf6 5. Bb5 Bd7 6. 0-0 Be7 7. d5 Nb8 8. Bg5 Bxb5 9. Nxb5 Nbd7 10. Nh4 Nxe4 11. Bxe7 Qxe7 12. Nf5 Qd8 13. Nxg7+ Kf8 14. Nf5 Rg8 15. Qf3 Nd2 16. Qh5 Qf6 17. Qh6+ Qxh6 18. Nxh6 Rg6 19. Rfd1 Ne4 20. Nf5 Rf6 21. g4 h5 22. h3 hxg4 23. hxg4 Rg6 24. f3 Ng5 25. Kg2 e4 26. f4 Nh7 27. g5 f6 28. Nxc7 Rc8 29. Ne6+ Kf7 30. Nxd6+ Ke7 31. Nxc8+ Ke8 32. f5 Rg8 33. g6 Ng5 34. Nxg5 fxg5 35. Nd6+ Ke7 36. Nxe4 g4 37. d6+ Ke8 38. Re1 Kd8 39. Ng5 Nf6 40. Re7 1-0

[Event "GER-ch U10"]
[Site "Willingen"]
[Date "2009.06.03"]
[Round "7"]
[White "Wallat, Jessica"]
[Black "Stobbe, Frederik"]
[Result "1/2-1/2"]
[WhiteElo "1045"]
[BlackElo "1185"]
[PlyCount "79"]
[EventDate "2009.05.30"]
[EventType "swiss"]
[EventRounds "11"]
[EventCountry "GER"]
[SourceTitle "EXT 2010"]
[Source "ChessBase"]
[SourceDate "2010.11.25"]
[SourceVersion "1"]
[SourceVersionDate "2010.11.25"]
[SourceQuality "1"]

1. e4 c5 2. Nf3 e6 3. d4 cxd4 4. Nxd4 Nf6 5. Nc3 Bb4 6. Bd3 d5 7. e5 Nfd7 8. Bf4 Nc6 9. Nxc6 bxc6 10. 0-0 Qc7 11. Re1 d4 12. a3 Bxc3 13. bxc3 dxc3 14. Qg4 g6 15. h3 Bb7 16. Rad1 Nc5 17. Bh6 Nxd3 18. Rxd3 Rd8 19. Rxc3 Qa5 20. Ree3 Rd5 21. Qg5 c5 22. Red3 Bc6 23. Rxd5 exd5 24. Rf3 Qd8 25. Qxd8+ Kxd8 26. Rxf7 Re8 27. Rf6 Bb5 28. Bg5 Kc8 29. e6 Re7 30. Rf8+ Re8 31. e7 Kd7 32. Rxe8 Kxe8 33. Kh2 d4 34. Kg3 Ba4 35. Kf3 Bxc2 36. Ke2 c4 37. Kd2 Be4 38. f3 Bc6 39. h4 a6 40. Bf6 1/2-1/2

[Event "GER-ch U10"]
[Site "Willingen"]
[Date "2009.06.01"]
[Round "4"]
[White "Stobbe, Frederik"]
[Black "Lehmann, Erik"]
[Result "1/2-1/2"]
[WhiteElo "1185"]
[BlackElo "943"]
[PlyCount "56"]
[EventDate "2009.05.30"]
[EventType "swiss"]
[EventRounds "11"]
[EventCountry "GER"]
[SourceTitle "EXT 2010"]
[Source "ChessBase"]
[SourceDate "2010.11.25"]
[SourceVersion "1"]
[SourceVersionDate "2010.11.25"]
[SourceQuality "1"]

1. e4 c5 2. Nf3 Nc6 3. d4 cxd4 4. Nxd4 Nf6 5. Nc3 e5 6. Nxc6 bxc6 7. Bc4 Bb4 8. Qf3 d6 9. 0-0 Be6 10. Ba6 Qb6 11. Bd2 0-0 12. Bg5 Bxc3 13. bxc3 Bg4 14. Qd3 Be2 15. Qxe2 Nd7 16. Qg4 f5 17. exf5 Nf6 18. Bxf6 Rxf6 19. Rab1 Qc7 20. Rb2 Qd7 21. Rfb1 Qxf5 22. Qxf5 Rxf5 23. Rb8+ Rxb8 24. Rxb8+ Rf8 25. Rb7 Rf7 26. Rb8+ Rf8 27. Rb7 Rf7 28. Rb8+ Rf8 1/2-1/2

[Event "GER-ch U10"]
[Site "Willingen"]
[Date "2009.05.31"]
[Round "2"]
[White "Stobbe, Frederik"]
[Black "Rempe, Moritz"]
[Result "0-1"]
[WhiteElo "1185"]
[BlackElo "1362"]
[PlyCount "70"]
[EventDate "2009.05.30"]
[EventType "swiss"]
[EventRounds "11"]
[EventCountry "GER"]
[SourceTitle "EXT 2010"]
[Source "ChessBase"]
[SourceDate "2010.11.25"]
[SourceVersion "1"]
[SourceVersionDate "2010.11.25"]
[SourceQuality "1"]

1. e4 e6 2. d4 d5 3. e5 c5 4. c3 Qb6 5. a3 a5 6. Nf3 Nc6 7. Nbd2 Bd7 8. Nb3 cxd4 9. cxd4 a4 10. Nbd2 Nxd4 11. Nxd4 Qxd4 12. Nf3 Qxd1+ 13. Kxd1 Bc5 14. Ke1 Ne7 15. Bd3 0-0 16. Bg5 h6 17. Bxe7 Bxe7 18. Rc1 Rac8 19. Ke2 f6 20. Bg6 Bb5+ 21. Kd2 Rxc1 22. Rxc1 fxe5 23. Rc7 Bd6 24. Rxb7 Bc4 25. Rd7 Bc5 26. Nxe5 Rxf2+ 27. Kc3 Bb5 28. Rd8+ Rf8 29. Bf7+ Kh7 30. Bg6+ Kh8 31. Nf7+ Kg8 32. Rxf8+ Kxf8 33. b4 axb3 34. Ne5 Bxa3 35. Kxb3 Bd6 0-1

[Event "Main Vogelsberg op 4th"]
[Site "Heusenstamm"]
[Date "2009.05.01"]
[Round "2"]
[White "Stobbe, Frederik"]
[Black "Aquino, Ciro"]
[Result "0-1"]
[WhiteElo "1186"]
[BlackElo "1711"]
[PlyCount "50"]
[EventDate "2009.04.30"]
[EventType "swiss"]
[EventRounds "7"]
[EventCountry "GER"]
[SourceTitle "CBM 130 Extra"]
[Source "ChessBase"]
[SourceDate "2009.07.02"]
[SourceVersion "2"]
[SourceVersionDate "2009.07.15"]
[SourceQuality "1"]

1. e4 e6 2. d4 d5 3. e5 c5 4. c3 Nc6 5. Nf3 Qb6 6. a3 Nge7 7. Be3 Nf5 8. Qd2 Bd7 9. b4 cxd4 10. cxd4 Rc8 11. Bd3 Nxb4 12. 0-0 Nxd3 13. Qxd3 Bb5 14. Qd2 Bxf1 15. Kxf1 Be7 16. Nc3 0-0 17. Rb1 Qa6+ 18. Kg1 Qa5 19. Ne2 Qxd2 20. Bxd2 b6 21. g4 Nh4 22. Nxh4 Bxh4 23. g5 Rc2 24. Bb4 Rfc8 25. Re1 Bxg5 0-1

[Event "Main Vogelsberg op 4th"]
[Site "Heusenstamm"]
[Date "2009.04.30"]
[Round "1"]
[White "Czikuss, Hans Joachim"]
[Black "Stobbe, Frederik"]
[Result "1-0"]
[WhiteElo "1972"]
[BlackElo "1186"]
[PlyCount "87"]
[EventDate "2009.04.30"]
[EventType "swiss"]
[EventRounds "7"]
[EventCountry "GER"]
[SourceTitle "CBM 130 Extra"]
[Source "ChessBase"]
[SourceDate "2009.07.02"]
[SourceVersion "2"]
[SourceVersionDate "2009.07.15"]
[SourceQuality "1"]

1. Nf3 c5 2. c4 Nf6 3. g3 g6 4. Bg2 d6 5. 0-0 Bg7 6. Nc3 0-0 7. d4 Ne8 8. dxc5 Bxc3 9. bxc3 Qa5 10. Bh6 Ng7 11. cxd6 Re8 12. Bxg7 Kxg7 13. dxe7 Rxe7 14. Qd4+ Kg8 15. e4 Nc6 16. Qd3 Bg4 17. Qc2 Qh5 18. Nd4 Ne5 19. f3 Bh3 20. Qe2 Bxg2 21. Kxg2 Rc8 22. Rab1 Nxc4 23. Rb5 Qh6 24. Re1 f5 25. e5 Qd2 26. Qxd2 Nxd2 27. Re2 Nc4 28. f4 Nb6 29. Rc2 Nc4 30. Re2 Nb6 31. Rb3 Nd5 32. Nb5 a6 33. Nd6 Rxc3 34. Rxb7 Rxb7 35. Nxb7 Rc7 36. Nd6 Nc3 37. Rc2 Nd5 38. Rxc7 Nxc7 39. Kf2 Kf8 40. Ke2 Ke7 41. Kd3 Ke6 42. Kd4 Nb5+ 43. Nxb5 axb5 44. Kc5 1-0